Theorie der Raumkurven und krummen flachen
Αποθηκεύτηκε σε:
| Κύριοι συγγραφείς: | , |
|---|---|
| Μορφή: | Βιβλίο |
| Γλώσσα: | German |
| Δημοσίευση: |
Berlin und Leipzig :
Walter de Gruyter & Co.,
1931
|
| Σειρά: | Goschens Lehrbucherei. Reine und angewadte Mathematik ;
20-21 |
| Θέματα: | |
| Ετικέτες: |
Προσθήκη ετικέτας
Δεν υπάρχουν, Καταχωρήστε ετικέτα πρώτοι!
|
MARC
| LEADER | 00000cam a2200000 a 4500 | ||
|---|---|---|---|
| 001 | 1/107986 | ||
| 008 | 150819s1931####gw | ||| |||| ||ger|| | ||
| 040 | |a GR-MyUa |b gre |c GR-MyUa |e AACR2 | ||
| 041 | 0 | |a ger | |
| 082 | 7 | |a 539.2 |2 (23) | |
| 100 | 1 | |a Kommerell, V. |q (Viktor), |d 1866- | |
| 245 | 1 | 0 | |a Theorie der Raumkurven und krummen flachen / |c von V. Kommerell und K. Kommerell. |
| 260 | |a Berlin und Leipzig : |b Walter de Gruyter & Co., |c 1931 | ||
| 300 | |a 2τ. (205, 194 σ.) : |b σχέδια ; |c 24 εκ. | ||
| 490 | 1 | |a Goschens Lehrbucherei. Reine und angewadte Mathematik |v ; 20-21 | |
| 505 | 8 | |a τ.1. Krummung der Raumkurven und Flachen. | |
| 505 | 8 | |a τ.2. Kurven auf flachen. Spezielle flachen theorie der strahlensysteme. | |
| 650 | 0 | |a Radiation. | |
| 650 | 0 | |a Curves. | |
| 700 | 1 | |a Kommerell, Karl, |d 1871- |e aut | |
| 740 | 0 | |a Krummung der Raumkurven und Flachen. | |
| 740 | 0 | |a Kurven auf flachen. Spezielle flachen theorie der strahlensysteme. | |
| 830 | 0 | |a Goschens Lehrbucherei. Reine und angewadte Mathematik ; |v 20-21 | |
| 852 | |a INST |b SAMOS |c MAG |e 20150819 |h 539.2 KOM |p 005300035219 |q 005300035219 |t BK |v τομ.1: |y 0 | ||
| 852 | |a INST |b SAMOS |c MAG |e 20150819 |h 539.2 KOM |p 005300035220 |q 005300035220 |t BK |v τομ.2: |y 0 | ||
| 853 | |a INST |b SAMOS |c MAG |h 539.2 KOM | ||
| 970 | |a Σιτζίμη |b Γιασεμή |z 19/08/2015 | ||